| 000 | 00433nam a22001697a 4500 | ||
|---|---|---|---|
| 005 | 20160624140900.0 | ||
| 008 | 160624b xxu||||| |||| 00| 0 eng d | ||
| 020 | _a81-7829-346-3 | ||
| 041 | _aeng | ||
| 082 | _b9596 | ||
| 100 |
_aPadmanand, V and Patel V.G. _92676 |
||
| 245 | _aManaging India's Small Industrial Economy | ||
| 260 |
_aDelhi _bPearson Education _c2004 |
||
| 300 | _a183 | ||
| 650 |
_aManagement _9241 |
||
| 942 | _cBK | ||
| 999 |
_c3856 _d3855 |
||